[Event "Riga Tech Rapid op"]
[Site "Riga"]
[Date "2023.08.06"]
[Round "5"]
[White "Mons, Leon"]
[Black "Gharibyan, Mamikon"]
[Result "0-1"]
[WhiteElo "2519"]
[BlackElo "2494"]
[PlyCount "98"]
[EventDate "2023.08.06"]
[EventType "swiss (rapid)"]
[EventRounds "9"]
[EventCountry "LAT"]
[SourceTitle "CBM 215 Extra"]
[Source "ChessBase"]
[SourceDate "2023.09.30"]
[SourceVersion "1"]
[SourceVersionDate "2023.09.30"]
[SourceQuality "1"]

1. d4 Nf6 2. c4 e6 3. g3 d5 4. Bg2 Bb4+ 5. Nd2 0-0 6. Ngf3 b6 7. 0-0 Bb7 8. a3 Be7 9. cxd5 exd5 10. b4 a5 11. b5 c6 12. Qa4 cxb5 13. Qxb5 Ba6 14. Qb2 Nc6 15. Ne5 Nxe5 16. dxe5 Nd7 17. Nf3 Bc4 18. h4 b5 19. h5 h6 20. Bh3 Nc5 21. Nd4 Ne4 22. Nf5 Re8 23. Nxe7+ Qxe7 24. Bf4 b4 25. Rfe1 Nc3 26. Qd2 d4 27. Bf5 Rad8 28. axb4 axb4 29. Ra5 Qf8 30. g4 Be6 31. Qd3 b3 32. g5 Bxf5 33. Qxf5 hxg5 34. Bxg5 Rb8 35. h6 Re6 36. Ra7 Rg6 37. Kh1 b2 38. Rxf7 Qxf7 39. h7+ Kxh7 40. Qxf7 b1Q 41. Rxb1 Rxb1+ 42. Kh2 Rxg5 43. f4 Rg6 44. f5 Rh6+ 45. Kg2 Nxe2 46. e6 Nf4+ 47. Kf2 Rh3 48. f6 Rb2+ 49. Kg1 Rg2+ 0-1

[Event "Reykjavik op"]
[Site "Reykjavik"]
[Date "2023.03.30"]
[Round "3"]
[White "Kushko, Dmitriy"]
[Black "Mons, Leon"]
[Result "0-1"]
[WhiteElo "2379"]
[BlackElo "2514"]
[PlyCount "90"]
[EventDate "2023.03.29"]
[EventType "swiss"]
[EventRounds "9"]
[EventCountry "ISL"]
[SourceTitle "CBM 213 Extra"]
[Source "ChessBase"]
[SourceDate "2023.05.31"]
[SourceVersion "1"]
[SourceVersionDate "2023.05.31"]
[SourceQuality "1"]

1. Nf3 d5 2. g3 b6 3. Bg2 Bb7 4. 0-0 e6 5. c4 dxc4 6. Qa4+ Nd7 7. Qxc4 Ngf6 8. Nc3 c5 9. e4 Be7 10. Qe2 e5 11. d3 0-0 12. Nh4 g6 13. f4 exf4 14. Bxf4 Nh5 15. Bh6 Bxh4 16. gxh4 Qxh4 17. Bxf8 Rxf8 18. Qf2 Qg5 19. Rad1 f5 20. h4 Qg4 21. Qe2 Qxh4 22. exf5 Bxg2 23. Qxg2 Nf4 24. Rxf4 Qxf4 25. fxg6 Ne5 26. gxh7+ Kh8 27. Kh1 Nf3 28. Qh3 Ng5 29. Qh2 Qf5 30. Rg1 Rf7 31. Qb8+ Kxh7 32. Qg3 Nf3 33. Rf1 Qh5+ 34. Kg2 Nh4+ 35. Qxh4 Qxh4 36. Rxf7+ Kg6 37. Rf3 Qe1 38. Nd5 Qd2+ 39. Kh3 Qh6+ 40. Kg2 Qd2+ 41. Kh3 Qxb2 42. a4 Qh8+ 43. Kg2 Qa1 44. Ne7+ Kg5 45. Rf5+ Kg4 0-1

[Event "Reykjavik op"]
[Site "Reykjavik"]
[Date "2023.03.30"]
[Round "2"]
[White "Mons, Leon"]
[Black "Karthik, Rajaa"]
[Result "1-0"]
[WhiteElo "2514"]
[BlackElo "2302"]
[PlyCount "96"]
[EventDate "2023.03.29"]
[EventType "swiss"]
[EventRounds "9"]
[EventCountry "ISL"]
[SourceTitle "CBM 213 Extra"]
[Source "ChessBase"]
[SourceDate "2023.05.31"]
[SourceVersion "1"]
[SourceVersionDate "2023.05.31"]
[SourceQuality "1"]

1. Nf3 Nf6 2. g3 b5 3. Bg2 Bb7 4. 0-0 e6 5. d3 c5 6. e4 d6 7. Ng5 h6 8. Nh3 Nbd7 9. f4 Qc7 10. Qe2 Be7 11. Be3 a5 12. Nd2 a4 13. c3 e5 14. d4 0-0 15. fxe5 dxe5 16. d5 c4 17. a3 Bc5 18. Bxc5 Qxc5+ 19. Kh1 Ra6 20. Nf2 Bc8 21. Bh3 Qe7 22. Nf3 Nc5 23. Bxc8 Rxc8 24. Rad1 g6 25. Qe3 Kg7 26. Kg2 Ncd7 27. h3 Rh8 28. Ne1 Ne8 29. Nc2 Nd6 30. Nb4 Raa8 31. Nc6 Qg5 32. Qf3 f5 33. h4 Qf6 34. Ng4 Qf8 35. exf5 Nxf5 36. Ngxe5 Nxe5 37. Nxe5 Re8 38. Nxg6 Kxg6 39. Qg4+ Kh7 40. Rxf5 Qe7 41. Rdf1 Rhf8 42. Rxf8 Rxf8 43. Qe6 Qg7 44. Rxf8 Qxf8 45. d6 Qa8+ 46. Kf2 Qh1 47. d7 Qh2+ 48. Kf3 Qh1+ 1-0

[Event "AUT-chT2W 2223"]
[Site "Austria"]
[Date "2023.01.21"]
[Round "7.5"]
[White "Michalik, Peter"]
[Black "Mons, Leon"]
[Result "1/2-1/2"]
[WhiteElo "2558"]
[BlackElo "2526"]
[PlyCount "71"]
[EventDate "2022.09.23"]
[EventType "team-tourn"]
[EventRounds "11"]
[EventCountry "AUT"]
[SourceTitle "CBM 213 Extra"]
[Source "ChessBase"]
[SourceDate "2023.05.31"]
[SourceVersion "1"]
[SourceVersionDate "2023.05.31"]
[SourceQuality "1"]
[WhiteTeam "Mayrhofen/Zillertal"]
[BlackTeam "Salzburg Royal"]
[WhiteTeamCountry "AUT"]
[BlackTeamCountry "AUT"]

1. d4 Nf6 2. c4 e6 3. Nf3 d5 4. g3 Be7 5. Bg2 0-0 6. 0-0 dxc4 7. Qc2 a6 8. a4 Bd7 9. Qxc4 Bc6 10. Bg5 Nbd7 11. Nc3 h6 12. Bxf6 Nxf6 13. Rfe1 Bd5 14. Qd3 Bxf3 15. Bxf3 c6 16. Red1 Bd6 17. Qc2 Qe7 18. a5 g6 19. e3 Kg7 20. Na4 Rad8 21. Nb6 h5 22. Nc4 h4 23. b3 Rh8 24. Qb2 Bc7 25. e4 Rhe8 26. e5 Nd5 27. Nd2 Bb8 28. Ne4 Ba7 29. Ra4 Rh8 30. Rc4 Nc7 31. b4 Nd5 32. Rd3 Rd7 33. Qd2 f6 34. exf6+ Nxf6 35. Qe3 e5 36. Nc5 1/2-1/2

[Event "BL2-Ost 2122"]
[Site "Germany"]
[Date "2022.05.14"]
[Round "5.1"]
[White "Mons, Leon"]
[Black "Romanov, Evgeny"]
[Result "0-1"]
[WhiteElo "2541"]
[BlackElo "2573"]
[PlyCount "92"]
[EventDate "2022.03.05"]
[EventType "team-tourn"]
[EventRounds "10"]
[EventCountry "GER"]
[SourceTitle "EXT 2023"]
[Source "ChessBase"]
[SourceDate "2022.10.05"]
[SourceVersion "1"]
[SourceVersionDate "2022.10.05"]
[SourceQuality "1"]
[WhiteTeam "Muenchen Zugzwang"]
[BlackTeam "Erfurt"]
[WhiteTeamCountry "GER"]
[BlackTeamCountry "GER"]

1. d4 Nf6 2. c4 e6 3. g3 Bb4+ 4. Nd2 Ne4 5. Bg2 Nxd2 6. Bxd2 Bxd2+ 7. Qxd2 d6 8. e3 a5 9. Ne2 0-0 10. 0-0 c6 11. Nc3 a4 12. Rfd1 Nd7 13. b3 axb3 14. axb3 Rxa1 15. Rxa1 Qb6 16. Ne4 d5 17. c5 Qxb3 18. Nc3 e5 19. Bf3 exd4 20. exd4 b5 21. cxb6 Nxb6 22. Rb1 Nc4 23. Qc1 Qa3 24. Qxa3 Nxa3 25. Rc1 Re8 26. Kg2 g5 27. h3 Bf5 28. Bg4 Bxg4 29. hxg4 Nb5 30. Kf1 Nxd4 31. Nd1 Re6 32. Ne3 Nb3 33. Rd1 Re4 34. Nf5 Kf8 35. Kg2 Rb4 36. Rb1 c5 37. Rh1 d4 38. Rxh7 Ke8 39. Nd6+ Ke7 40. Nxf7 Kf6 41. Nd6 d3 42. Rh6+ Ke5 43. Nf7+ Kd4 44. Nxg5 Kc3 45. Rd6 d2 46. Nf3 Rxg4 0-1

[Event "BL2-Ost 2122"]
[Site "Germany"]
[Date "2022.05.01"]
[Round "4.2"]
[White "Mons, Leon"]
[Black "Antal, Gergely"]
[Result "0-1"]
[WhiteElo "2541"]
[BlackElo "2564"]
[PlyCount "92"]
[EventDate "2022.03.05"]
[EventType "team-tourn"]
[EventRounds "10"]
[EventCountry "GER"]
[SourceTitle "EXT 2023"]
[Source "ChessBase"]
[SourceDate "2022.10.05"]
[SourceVersion "1"]
[SourceVersionDate "2022.10.05"]
[SourceQuality "1"]
[WhiteTeam "Muenchen Zugzwang"]
[BlackTeam "Nickelhuette Aue"]
[WhiteTeamCountry "GER"]
[BlackTeamCountry "GER"]

1. Nf3 Nf6 2. g3 g6 3. b3 Bg7 4. Bb2 0-0 5. Bg2 c5 6. c4 d6 7. d4 d5 8. Nbd2 cxd4 9. Nxd4 e5 10. Nb5 a6 11. Na3 Nc6 12. 0-0 Be6 13. cxd5 Nxd5 14. Ne4 Qe7 15. Nc4 b5 16. Ba3 Ndb4 17. Bxb4 Nxb4 18. Qd6 Ra7 19. Qxe7 Rxe7 20. Ne3 f5 21. a3 Nc6 22. Nf6+ Bxf6 23. Bxc6 Bxb3 24. Bd5+ Bxd5 25. Nxd5 Rb7 26. Nxf6+ Rxf6 27. Rac1 Rd6 28. Rc5 e4 29. Rfc1 Rd2 30. Rc8+ Kg7 31. R1c7+ Rxc7 32. Rxc7+ Kh6 33. Ra7 Rxe2 34. Rxa6 Kg5 35. h3 Rb2 36. a4 b4 37. Rb6 b3 38. a5 h5 39. h4+ Kg4 40. Kg2 f4 41. Rxg6+ Kf5 42. Rg5+ Kf6 43. gxf4 e3 44. a6 e2 45. Re5 Ra2 46. a7 b2 0-1

[Event "AUT-chT2W 2122"]
[Site "Austria"]
[Date "2022.03.13"]
[Round "11.4"]
[White "Mons, Leon"]
[Black "Schlosser, Philipp"]
[Result "1/2-1/2"]
[WhiteElo "2536"]
[BlackElo "2507"]
[PlyCount "90"]
[EventDate "2021.10.15"]
[EventType "team-tourn"]
[EventRounds "11"]
[EventCountry "AUT"]
[SourceTitle "EXT 2023"]
[Source "ChessBase"]
[SourceDate "2022.10.05"]
[SourceVersion "1"]
[SourceVersionDate "2022.10.05"]
[SourceQuality "1"]
[WhiteTeam "Salzburg Royal"]
[BlackTeam "Jenbach II"]
[WhiteTeamCountry "AUT"]
[BlackTeamCountry "AUT"]

1. d4 Nf6 2. c4 e6 3. g3 d5 4. Bg2 Be7 5. Nf3 0-0 6. 0-0 dxc4 7. Qc2 b5 8. a4 b4 9. Nfd2 c6 10. Nxc4 Qxd4 11. Rd1 Qc5 12. Be3 Qh5 13. Nbd2 Ba6 14. Bf3 Ng4 15. h4 Nxe3 16. Nxe3 Qe5 17. Nb3 Qc7 18. Nd4 Bb7 19. Qe4 a6 20. Rac1 Kh8 21. h5 Ra7 22. h6 c5 23. hxg7+ Kxg7 24. Qg4+ Kh8 25. Bxb7 Qxb7 26. Nf3 Nd7 27. Ng5 h6 28. Nxf7+ Rxf7 29. Qxe6 Rh7 30. Nf5 Qb6 31. Nd6 Bxd6 32. Rxd6 Qd8 33. Rxc5 Qg8 34. Qe3 Nxc5 35. Qd4+ Rag7 36. Rd8 Ne6 37. Rxg8+ Kxg8 38. Qxb4 Re7 39. Qc4 a5 40. Qb5 Rhf7 41. Qxa5 Ng5 42. Qd8+ Kg7 43. Qd4+ Kg8 44. Qd8+ Kg7 45. Qd4+ Kg8 1/2-1/2

[Event "Bayern-chI Bank Hofmann 24th"]
[Site "Tegernsee"]
[Date "2021.11.07"]
[Round "9"]
[White "Mons, Leon"]
[Black "Suvorov, Alexander David"]
[Result "1-0"]
[WhiteElo "2536"]
[BlackElo "2392"]
[PlyCount "91"]
[EventDate "2021.10.30"]
[EventType "swiss"]
[EventRounds "9"]
[EventCountry "GER"]
[SourceTitle "CBM 205 Extra"]
[Source "ChessBase"]
[SourceDate "2022.01.31"]
[SourceVersion "1"]
[SourceVersionDate "2022.01.31"]
[SourceQuality "1"]

1. c4 e5 2. Nc3 Nf6 3. Nf3 Nc6 4. d3 d5 5. cxd5 Nxd5 6. e4 Nde7 7. Be2 g6 8. 0-0 Bg7 9. a3 0-0 10. b4 a6 11. Bb2 h6 12. Nb1 Qd6 13. Nbd2 Rd8 14. Qc2 b6 15. Nc4 Qe6 16. Qc3 Nd4 17. Nxd4 exd4 18. Qc2 Bb7 19. f4 f5 20. Bf3 fxe4 21. Rae1 Qf7 22. Bxe4 Bxe4 23. Rxe4 Nd5 24. Ne5 Bxe5 25. fxe5 Qe6 26. Qc4 Rf8 27. Rf6 Rxf6 28. exf6 Qf7 29. Bxd4 Rd8 30. h3 g5 31. Qxa6 Nxf6 32. Bxf6 Qxf6 33. Qc4+ Qf7 34. Re6 Kg7 35. Qe4 Rd7 36. a4 Kf8 37. Rxh6 Qg7 38. Qf5+ Ke8 39. Rf6 g4 40. hxg4 Kd8 41. g5 Kc8 42. Rf8+ Kb7 43. Qf3+ c6 44. Qf6 Qh7 45. b5 cxb5 46. axb5 1-0

[Event "Bodensee-Cup"]
[Site "Ueberlingen/Nussdorf"]
[Date "2021.10.17"]
[Round "3.1"]
[White "Mons, Leon"]
[Black "Braun, Georg"]
[Result "1/2-1/2"]
[WhiteElo "2536"]
[BlackElo "2405"]
[PlyCount "143"]
[EventDate "2021.10.15"]
[EventType "team-tourn"]
[EventRounds "3"]
[EventCountry "GER"]
[SourceTitle "EXT 2023"]
[Source "ChessBase"]
[SourceDate "2022.10.05"]
[SourceVersion "1"]
[SourceVersionDate "2022.10.05"]
[SourceQuality "1"]
[WhiteTeam "Bayern"]
[BlackTeam "Wuerttemberg"]
[WhiteTeamCountry "GER"]
[BlackTeamCountry "GER"]

1. e4 c6 2. Nf3 d5 3. Nc3 dxe4 4. Nxe4 Nf6 5. Qe2 Nxe4 6. Qxe4 Nd7 7. d4 Nf6 8. Qd3 g6 9. Be2 Bg7 10. 0-0 0-0 11. Rd1 Bf5 12. Qb3 Qb6 13. c4 Qxb3 14. axb3 Rfd8 15. Bf4 h6 16. h3 g5 17. Bc7 Rdc8 18. Bh2 e6 19. h4 Bg4 20. hxg5 hxg5 21. Kf1 Nh7 22. Ra5 Rd8 23. Ne5 Bxe2+ 24. Kxe2 a6 25. g4 Bxe5 26. Rxe5 Rd7 27. f3 Rad8 28. Bg1 Rd6 29. d5 exd5 30. cxd5 cxd5 31. Kd3 Kg7 32. Rc1 Kg6 33. Rc7 Nf8 34. Rxb7 Ne6 35. b4 d4 36. Bh2 Rc6 37. Re1 Rd5 38. Re5 Rd8 39. Re1 Rdc8 40. Be5 Rc2 41. Rb6 Rxb2 42. Bxd4 Rb3+ 43. Kd2 Rd8 44. Kc2 Rxf3 45. Be5 Rc8+ 46. Kb2 Rc4 47. Rg1 Re3 48. Bd6 f6 49. Rxa6 Nd4 50. Rg2 Re6 51. Rb6 f5 52. gxf5+ Nxf5 53. Rd2 Nd4 54. Ka3 g4 55. Ka4 Kf5 56. Bc5 Re4 57. Rxd4 Rcxd4 58. Bxd4 Rxd4 59. Rb8 g3 60. Rf8+ Kg4 61. Rf1 g2 62. Rg1 Kf3 63. Kb5 Rh4 64. Kc5 Rh1 65. Rxg2 Kxg2 66. b5 Kf3 67. b6 Ke4 68. b7 Rh8 69. Kd6 Kd4 70. Kc7 Kc5 71. b8Q Rxb8 72. Kxb8 1/2-1/2

[Event "Titled Tuesday intern op 06th July"]
[Site "Chess.com INT"]
[Date "2021.07.06"]
[Round "1"]
[White "Hardaway, Brewington"]
[Black "Mons, Leon"]
[Result "0-1"]
[WhiteElo "1941"]
[BlackElo "2530"]
[PlyCount "82"]
[EventDate "2021.07.06"]
[EventType "swiss (blitz)"]
[EventRounds "11"]
[EventCountry "USA"]
[SourceTitle "EXT 2022"]
[Source "ChessBase"]
[SourceDate "2021.10.06"]
[SourceVersion "1"]
[SourceVersionDate "2021.10.06"]
[SourceQuality "1"]

1. e4 e5 2. Nf3 Nc6 3. Bb5 a6 4. Ba4 Nf6 5. 0-0 Be7 6. Re1 b5 7. Bb3 d6 8. c3 0-0 9. h3 Na5 10. Bc2 c5 11. d4 Qc7 12. a4 Be6 13. d5 Bd7 14. axb5 axb5 15. Bg5 c4 16. Nbd2 Nb7 17. Nf1 Nc5 18. Ng3 Qb7 19. Rxa8 Qxa8 20. Nh4 g6 21. Qf3 Qd8 22. Bh6 Re8 23. Ra1 Nxd5 24. Nxg6 hxg6 25. exd5 Bg5 26. Ra8 Qe7 27. Rxe8+ Bxe8 28. Nf5 gxf5 29. Qg3 f6 30. h4 f4 31. Qg4 Bd7 32. Qh5 Bxh6 33. Qxh6 Qg7 34. Qh5 Nd3 35. Bd1 Ne1 36. Kf1 Nd3 37. b3 Nc5 38. bxc4 bxc4 39. Qe2 Qh7 40. Qxc4 Qb1 41. Qe2 Bb5 0-1

[Event "Titled Tuesday intern op 06th July"]
[Site "Chess.com INT"]
[Date "2021.07.06"]
[Round "6"]
[White "Kotepalli, Sai Nirupama"]
[Black "Mons, Leon"]
[Result "0-1"]
[WhiteElo "1914"]
[BlackElo "2530"]
[PlyCount "128"]
[EventDate "2021.07.06"]
[EventType "swiss (blitz)"]
[EventRounds "11"]
[EventCountry "USA"]
[SourceTitle "EXT 2022"]
[Source "ChessBase"]
[SourceDate "2021.10.06"]
[SourceVersion "1"]
[SourceVersionDate "2021.10.06"]
[SourceQuality "1"]

1. d4 Nf6 2. Bf4 d5 3. e3 e6 4. Nf3 Bd6 5. Bg3 0-0 6. Bd3 c5 7. c3 Qc7 8. Nbd2 Nbd7 9. 0-0 Bxg3 10. hxg3 e5 11. dxe5 Nxe5 12. Nxe5 Qxe5 13. Nf3 Qe7 14. Re1 b6 15. Rc1 Bb7 16. c4 Rfd8 17. Qc2 h6 18. cxd5 Bxd5 19. e4 Bb7 20. Nh4 Ng4 21. Nf5 Qg5 22. f3 Nf6 23. f4 Qh5 24. Be2 Ng4 25. Bxg4 Qxg4 26. Qe2 Qxe2 27. Rxe2 Rd3 28. Kf2 Rad8 29. Rcc2 h5 30. e5 Bd5 31. b3 Be6 32. Nd6 f6 33. Red2 Rxd2+ 34. Rxd2 fxe5 35. fxe5 Kh7 36. Ke3 Kg6 37. Rf2 Rh8 38. Rf4 Rd8 39. Ke4 a6 40. Rf2 Rh8 41. Rf4 b5 42. Ke3 Rb8 43. Kd3 Rd8 44. Kc3 Bd5 45. Rf2 Rd7 46. Rd2 Bc6 47. Nc8 Kf5 48. Re2 Kg4 49. e6 Rd8 50. Ne7 Bb7 51. Ng6 Kxg3 52. e7 Re8 53. Nf8 h4 54. Nd7 Bxg2 55. Nxc5 h3 56. Re3+ Kf4 57. Re1 h2 58. Ne6+ Kg4 59. Nxg7 Rxe7 60. Rxe7 h1Q 61. Ra7 Qc1+ 62. Kb4 Qd2+ 63. Ka3 Qd6+ 64. Kb2 Qd4+ 0-1

[Event "Titled Tuesday intern op 06th July"]
[Site "Chess.com INT"]
[Date "2021.07.06"]
[Round "8"]
[White "Mons, Leon"]
[Black "Vignesh, NR."]
[Result "0-1"]
[WhiteElo "2530"]
[BlackElo "2428"]
[PlyCount "72"]
[EventDate "2021.07.06"]
[EventType "swiss (blitz)"]
[EventRounds "11"]
[EventCountry "USA"]
[SourceTitle "EXT 2022"]
[Source "ChessBase"]
[SourceDate "2021.10.06"]
[SourceVersion "1"]
[SourceVersionDate "2021.10.06"]
[SourceQuality "1"]

1. d4 d5 2. c4 c6 3. cxd5 cxd5 4. Nc3 Nc6 5. e4 e5 6. dxe5 d4 7. Nd5 Be6 8. Nf3 Bxd5 9. exd5 Qxd5 10. Bd3 Bb4+ 11. Bd2 Bxd2+ 12. Qxd2 Nge7 13. 0-0 0-0 14. Rfe1 Rad8 15. e6 h6 16. Rac1 fxe6 17. Bc4 Qh5 18. Rxe6 Kh8 19. Rce1 Ng6 20. Rxg6 Qxg6 21. Bd3 Qf6 22. Qe2 Qf7 23. Qe4 g5 24. Ne5 Nxe5 25. Qxe5+ Qg7 26. Qe4 Rf4 27. Qe6 Rf6 28. Qe4 Rdf8 29. f3 Rf4 30. Qe6 g4 31. fxg4 Rxg4 32. g3 Rgf4 33. Be4 R4f6 34. Qe5 Rf1+ 35. Rxf1 Rxf1+ 36. Kxf1 Qxe5 0-1

[Event "Titled Tuesday intern op 06th July"]
[Site "Chess.com INT"]
[Date "2021.07.06"]
[Round "7"]
[White "Quparadze, Giga"]
[Black "Mons, Leon"]
[Result "0-1"]
[WhiteElo "2476"]
[BlackElo "2530"]
[PlyCount "88"]
[EventDate "2021.07.06"]
[EventType "swiss (blitz)"]
[EventRounds "11"]
[EventCountry "USA"]
[SourceTitle "EXT 2022"]
[Source "ChessBase"]
[SourceDate "2021.10.06"]
[SourceVersion "1"]
[SourceVersionDate "2021.10.06"]
[SourceQuality "1"]

1. e4 e5 2. Nf3 Nc6 3. Bb5 a6 4. Ba4 Nf6 5. 0-0 Be7 6. Bxc6 dxc6 7. d3 Bd6 8. Nbd2 Be6 9. d4 Nd7 10. c3 Qe7 11. Re1 0-0-0 12. Nf1 f6 13. d5 cxd5 14. exd5 Bf7 15. Ne3 Nb6 16. c4 Bc5 17. Qe2 Qd7 18. a3 Rhe8 19. b4 Bd4 20. Bb2 Bh5 21. Rab1 Bxe3 22. Qxe3 Nxc4 23. Qa7 Qxd5 24. Nh4 Nxb2 25. Rxb2 Qd4 26. Qa8+ Kd7 27. Qxb7 Qxb2 28. Qd5+ Ke7 29. Nf5+ Kf8 30. Qc5+ Kg8 31. Qxc7 Bf7 32. h4 Qd2 33. Re3 Qd7 34. Nh6+ gxh6 35. Rg3+ Bg6 36. Qb6 Qd6 37. Qa7 h5 38. Qe3 Qd4 39. Qh6 Kf7 40. Rxg6 hxg6 41. Qh7+ Ke6 42. Qxg6 Rg8 43. Qh7 Qg4 44. g3 Qf3 0-1

[Event "Titled Tuesday intern op 22nd June"]
[Site "Chess.com INT"]
[Date "2021.06.22"]
[Round "10"]
[White "Mons, Leon"]
[Black "Mortazavi, Ali"]
[Result "1-0"]
[WhiteElo "2530"]
[BlackElo "2333"]
[PlyCount "91"]
[EventDate "2021.06.22"]
[EventType "swiss (blitz)"]
[EventRounds "11"]
[EventCountry "USA"]
[SourceTitle "CBM 203 Extra"]
[Source "ChessBase"]
[SourceDate "2021.09.30"]
[SourceVersion "1"]
[SourceVersionDate "2021.09.30"]
[SourceQuality "1"]

1. e4 c6 2. Nf3 d5 3. Nc3 dxe4 4. Nxe4 Nf6 5. Qe2 Be6 6. b3 g6 7. Bb2 Bg7 8. 0-0-0 0-0 9. Neg5 Bf5 10. h3 Qa5 11. g4 Bc8 12. Kb1 Na6 13. Qxe7 Nd5 14. Qa3 Qxa3 15. Bxa3 Re8 16. Bxa6 bxa6 17. Rhe1 Bd7 18. Ne4 Nf4 19. Nd6 Rxe1 20. Rxe1 Bf8 21. Ne5 Be6 22. h4 Rd8 23. Ndc4 Bxa3 24. Nxa3 Rxd2 25. f3 c5 26. Re4 Nd5 27. Kb2 Kg7 28. Nd3 Rh2 29. Nxc5 Rxh4 30. Nxe6+ fxe6 31. Rxe6 Rh2 32. Rxa6 h5 33. Rxa7+ Kh6 34. gxh5 gxh5 35. Ra6+ Kg5 36. Ra5 Rd2 37. Nc4 Rd1 38. c3 Kf4 39. Kc2 Ra1 40. Rxd5 Rxa2+ 41. Kd3 h4 42. Rh5 Kg3 43. b4 Rf2 44. Nd2 h3 45. Ne4+ Kg2 46. Nxf2 1-0

[Event "Titled Tuesday intern op 22nd June"]
[Site "Chess.com INT"]
[Date "2021.06.22"]
[Round "6"]
[White "Nandhidhaa, PV."]
[Black "Mons, Leon"]
[Result "0-1"]
[WhiteElo "2365"]
[BlackElo "2530"]
[PlyCount "76"]
[EventDate "2021.06.22"]
[EventType "swiss (blitz)"]
[EventRounds "11"]
[EventCountry "USA"]
[SourceTitle "CBM 203 Extra"]
[Source "ChessBase"]
[SourceDate "2021.09.30"]
[SourceVersion "1"]
[SourceVersionDate "2021.09.30"]
[SourceQuality "1"]

1. e4 c5 2. Nf3 Nc6 3. Bb5 Nd4 4. Nxd4 cxd4 5. c3 a6 6. Be2 d5 7. e5 dxc3 8. dxc3 Bf5 9. 0-0 e6 10. Nd2 Bc5 11. Nb3 Bb6 12. Nd4 Ne7 13. Bg5 Bg6 14. Bxe7 Qxe7 15. Qd2 0-0 16. Rae1 Rfe8 17. Bd3 Rac8 18. Bxg6 hxg6 19. Re3 Rc4 20. Rd3 Rec8 21. Re1 Bxd4 22. Rxd4 b5 23. g3 Qc5 24. Rf4 a5 25. a3 Rxf4 26. Qxf4 Qc4 27. Qg5 Qb3 28. Qd2 Rc4 29. Re3 Qa2 30. Kg2 Qb1 31. h4 Qf5 32. Qe2 b4 33. axb4 axb4 34. Rf3 Qg4 35. Qe3 bxc3 36. bxc3 Qe4 37. Qa7 Rxc3 38. Qxf7+ Kh7 0-1

[Event "Titled Tuesday intern op 22nd June"]
[Site "Chess.com INT"]
[Date "2021.06.22"]
[Round "11"]
[White "Pajeken, Jakob Leon"]
[Black "Mons, Leon"]
[Result "0-1"]
[WhiteElo "2307"]
[BlackElo "2530"]
[PlyCount "48"]
[EventDate "2021.06.22"]
[EventType "swiss (blitz)"]
[EventRounds "11"]
[EventCountry "USA"]
[SourceTitle "CBM 203 Extra"]
[Source "ChessBase"]
[SourceDate "2021.09.30"]
[SourceVersion "1"]
[SourceVersionDate "2021.09.30"]
[SourceQuality "1"]

1. d4 Nf6 2. Nf3 b6 3. c4 Bb7 4. g3 g6 5. Bg2 Bg7 6. 0-0 0-0 7. d5 Ne4 8. Nd4 f5 9. f3 Nd6 10. Na3 c6 11. dxc6 Nxc6 12. Nxc6 dxc6 13. Rb1 c5 14. b3 e5 15. Bb2 Qe7 16. Qc2 Rad8 17. Rbd1 f4 18. Nb1 Nf5 19. Bc1 fxg3 20. e4 gxh2+ 21. Kxh2 Qh4+ 22. Kg1 Nd4 23. Qf2 Qxf2+ 24. Rxf2 Ne2+ 0-1